000 03280cam a2200433 i 4500
001 22420289
003 CSPC
005 20250819090257.0
008 220211s2022 maua b 001 0 eng
010 _a 2022932709
020 _a9781839102271
_q(hardback)
035 _a22420289
040 _aDLC
_beng
_erda
_cDLC
_dCSPC
042 _apcc
050 0 0 _aK843
_b.R47 2022
082 0 4 _223
_a346.0222
_bR311
245 0 0 _aResearch handbook on contract design /
_cMarcelo Corrales Campagnucci, Helena Haapio, and Mark Fenwick.
264 1 _aCheltenham, United Kingdom ;
_aNorthampton, Massachusetts :
_bEdward Elgar Publishing,
_c2022.
300 _axvi, 457 pages :
_billustrations ;
_c25 cm.
336 _atext
_btxt
_2rdacontent
337 _aunmediated
_bn
_2rdamedia
338 _avolume
_bnc
_2rdacarrier
490 0 _aResearch handbooks in information law series
504 _aIncludes bibliographical references and index.
505 0 _aRethinking contracts: from drafting to design -- Why contract design matters: rethinking the business and legal purpose and functions of contracts -- Designing better contracts for business and legal purposes -- When text alone is not enough: visual contracts -- What does the future hold? designing for humans and machines.
520 _a"This Research Handbook inspires a new vision of contracts, with practical illustrations of how they should be designed, rather than just drafted. The contributors offer a proactive approach, merged with innovative design, to show how contracts can be both user-friendly and legally functional. This ground-breaking work goes beyond the initial drafting and formation of contracts to cover implementation and integration with business infrastructure - including digital processes. Drawing on a multi-disciplinary perspective, it highlights all aspects of the contract lifecycle, using both theoretical and practical scenarios. As well as improved design and communication, the Research Handbook takes a creative view of the role of emerging technologies, including AI, and how they can increase contract functionality and visualisation. The goals are simplification, clarity about rights and obligations, and the prevention of unnecessary legal problems. Providing an up-to-date analysis of current trends in contract design thinking and practice, this Research Handbook will be an excellent resource for contract and legal professionals, scholars and practitioners. Entrepreneurs, procurement and sales managers, information designers and technologists will also find the forward-thinking, human-centred approach in this book illuminating and informative"--
_cProvided by publisher.
650 0 _aContracts.
650 0 _aLegal composition.
650 0 _aClauses (Law).
650 0 _aForm of contract.
650 6 _aContrats
_xInterprâetation.
700 1 _aCampagnucci, Marcelo Corrales,
_eeditor.
700 1 _aHaapio, Helena,
_eeditor.
700 1 _aFenwick, Mark,
_eeditor.
906 _a7
_bcbc
_corigres
_d2
_eepcn
_f20
_gy-gencatlg
942 _2ddc
_cBK
_e23
_h346.0222
_iR311
_kENG
_m2022
_n0
999 _c30088
_d30088